[Event "Madariaga Tiberio Cup"]
[Site "Madariaga"]
[Date "2014.06.21"]
[Round "3"]
[White "Pereyra, Horacio"]
[Black "Geloso, Claudio"]
[Result "1/2-1/2"]
[WhiteElo "2006"]
[BlackElo "2175"]
[PlyCount "40"]
[EventDate "2014.06.20"]
[EventType "swiss"]
[EventRounds "7"]
[EventCountry "ARG"]
[SourceTitle "CBM 161 Extra"]
[Source "ChessBase"]
[SourceDate "2014.08.29"]
[SourceVersion "1"]
[SourceVersionDate "2014.08.29"]
[SourceQuality "1"]

1. e4 e5 2. Nf3 Nc6 3. d4 exd4 4. Nxd4 Bc5 5. Nxc6 bxc6 6. Bd3 d6 7. 0-0 Nf6 8. Nc3 h6 9. Na4 Bb6 10. Nxb6 axb6 11. b3 0-0 12. Bb2 Ne8 13. f4 f5 14. Qf3 d5 15. e5 Be6 16. a4 Qd7 17. b4 g6 18. Qe3 Ng7 19. a5 b5 20. Rfe1 h5 1/2-1/2

[Event "Olavarria op 6th"]
[Site "Olavarria"]
[Date "2006.02.24"]
[Round "4.4"]
[White "Geloso, Claudio"]
[Black "Flores, Diego"]
[Result "0-1"]
[WhiteElo "2238"]
[BlackElo "2494"]
[PlyCount "110"]
[EventDate "2006.02.23"]
[EventType "swiss"]
[EventRounds "5"]
[EventCountry "ARG"]
[SourceTitle "CBM 110 Extra"]
[Source "ChessBase"]
[SourceDate "2006.03.10"]
[SourceVersion "2"]
[SourceVersionDate "2006.03.10"]
[SourceQuality "1"]

1. e4 c5 2. Nc3 Nc6 3. g3 g6 4. Bg2 Bg7 5. Nge2 Rb8 6. a4 e6 7. f4 Nge7 8. d3 b6 9. Be3 d5 10. Bf2 d4 11. Nb1 e5 12. Nd2 0-0 13. 0-0 exf4 14. gxf4 f5 15. Bh4 Qd7 16. Ng3 Bb7 17. exf5 Nxf5 18. Nxf5 Qxf5 19. Nc4 Qd7 20. Qd2 Nb4 21. Ne5 Qc7 22. Bg3 Nd5 23. Rae1 Ne3 24. Bxb7 Qxb7 25. Rxe3 dxe3 26. Qxe3 Rbe8 27. Re1 g5 28. fxg5 Bxe5 29. Bxe5 Rf5 30. Qg3 Qe7 31. Bc3 Rxg5 32. Rxe7 Rxg3+ 33. hxg3 Rxe7 34. Kf2 Kf7 35. Bd2 h5 36. a5 Ke6 37. axb6 axb6 38. b4 Ra7 39. bxc5 bxc5 40. Ke2 Ra2 41. Kd1 Kf5 42. Bc3 Kg4 43. Be5 Kf3 44. Kd2 Ra3 45. Bd6 Ra6 46. Bb8 Rg6 47. c4 Ra6 48. Be5 Ra2+ 49. Kc3 Ke2 50. d4 Ra3+ 51. Kb2 Re3 52. Bf4 Re4 53. dxc5 h4 54. Bd6 h3 55. g4 Rxc4 0-1

[Event "Olavarria op 6th"]
[Site "Olavarria"]
[Date "2006.02.24"]
[Round "3.5"]
[White "Rissotti, Laureano"]
[Black "Geloso, Claudio"]
[Result "1/2-1/2"]
[WhiteElo "2300"]
[BlackElo "2238"]
[PlyCount "52"]
[EventDate "2006.02.23"]
[EventType "swiss"]
[EventRounds "5"]
[EventCountry "ARG"]
[SourceTitle "CBM 110 Extra"]
[Source "ChessBase"]
[SourceDate "2006.03.10"]
[SourceVersion "2"]
[SourceVersionDate "2006.03.10"]
[SourceQuality "1"]

1. e4 e5 2. Nf3 Nc6 3. Bb5 a6 4. Ba4 Nf6 5. 0-0 Be7 6. d4 b5 7. Bb3 d6 8. Re1 0-0 9. c3 Bg4 10. d5 Na5 11. Bc2 Nc4 12. b3 Nb6 13. Nbd2 Qd7 14. Nf1 c6 15. Be3 Qb7 16. Bxb6 Qxb6 17. Ne3 Bd7 18. Qd2 Rfe8 19. dxc6 Qxc6 20. c4 Bf8 21. Rac1 Qb7 22. Bd3 g6 23. Nd5 Nxd5 24. cxd5 h6 25. h4 Rac8 26. Rxc8 Rxc8 1/2-1/2

[Event "Olavarria Magistral op 4th"]
[Site "Olavarria"]
[Date "2004.02.26"]
[Round "1.6"]
[White "Geloso, Claudio"]
[Black "Soppe, Guillermo"]
[Result "0-1"]
[WhiteElo "2238"]
[BlackElo "2435"]
[PlyCount "85"]
[EventDate "2004.02.26"]
[EventType "swiss"]
[EventRounds "7"]
[EventCountry "ARG"]
[SourceTitle "EXT 2005"]
[Source "ChessBase"]
[SourceDate "2004.11.15"]
[SourceVersion "1"]
[SourceVersionDate "2004.11.15"]
[SourceQuality "1"]

1. e4 c6 2. Nc3 d5 3. d3 e5 4. g3 Nf6 5. Bg2 Bc5 6. Nf3 dxe4 7. Nxe4 Nxe4 8. dxe4 Qxd1+ 9. Kxd1 Bxf2 10. Nxe5 Be6 11. Bf4 Na6 12. Ke2 Bb6 13. Nd3 0-0-0 14. Rhe1 Rhe8 15. a3 Nc5 16. Nxc5 Bxc5 17. Be3 Bg4+ 18. Kf1 Bxe3 19. Rxe3 Rd2 20. Rc1 Re6 21. h3 Rf6+ 22. Kg1 Rff2 23. Bf1 Be6 24. Rc3 h5 25. b4 Rh2 26. b5 Bxh3 27. Bxh3+ Rxh3 28. bxc6 bxc6 29. Rxc6+ Kd7 30. Rc3 Rhh2 31. Rb1 Rhg2+ 32. Kf1 Rh2 33. Kg1 Rxc2 34. Rb7+ Ke6 35. Rxc2 Rxc2 36. Rxa7 Re2 37. a4 Rxe4 38. Kf2 Rb4 39. Ra5 h4 40. Ra6+ Kf5 41. Ra5+ Kg6 42. gxh4 Rxh4 43. Rb5 0-1

[Event "Olavarria Magistral op 4th"]
[Site "Olavarria"]
[Date "2004.02.26"]
[Round "2.8"]
[White "Ramirez, Emilio"]
[Black "Geloso, Claudio"]
[Result "0-1"]
[WhiteElo "2293"]
[BlackElo "2238"]
[PlyCount "136"]
[EventDate "2004.02.26"]
[EventType "swiss"]
[EventRounds "7"]
[EventCountry "ARG"]
[SourceTitle "EXT 2005"]
[Source "ChessBase"]
[SourceDate "2004.11.15"]
[SourceVersion "1"]
[SourceVersionDate "2004.11.15"]
[SourceQuality "1"]

1. e4 e5 2. Nf3 Nc6 3. Bb5 a6 4. Ba4 Nf6 5. d3 b5 6. Bb3 Be7 7. 0-0 d6 8. c3 0-0 9. Re1 Na5 10. Bc2 c5 11. Nbd2 Nc6 12. Nf1 Be6 13. h3 Rc8 14. Ne3 Re8 15. Nh2 Bf8 16. Qf3 Qd7 17. Nhg4 Nxg4 18. hxg4 Ne7 19. Kh2 d5 20. Nf5 g6 21. Nh6+ Kg7 22. Rh1 Ng8 23. Nf5+ Bxf5 24. gxf5 gxf5 25. exf5 e4 26. dxe4 dxe4 27. Qh3 f6 28. Kg1 Kh8 29. Be3 h6 30. g4 Qg7 31. Qg2 Qb7 32. Rd1 Kh7 33. Rh4 Kh8 34. Qg3 Rc7 35. Kg2 Rh7 36. Qf4 Rg7 37. Rh3 Qe7 38. Rd5 Qb7 39. Rd2 Qe7 40. Rh4 Rf7 41. Rd1 Rg7 42. Rdh1 Rh7 43. Kf1 Qf7 44. b3 Qb7 45. Ke2 a5 46. Rd1 a4 47. Rg1 Rg7 48. Rb1 axb3 49. axb3 Qc6 50. Ra1 Bd6 51. Bxe4 Rxe4 52. Qf3 Qe8 53. Kf1 Ree7 54. Rh1 Rh7 55. Ra5 Qf7 56. Ra6 Rd7 57. Kg2 Be5 58. b4 cxb4 59. cxb4 Qd5 60. Qxd5 Rxd5 61. Rb6 Bc3 62. Bc5 Rg7 63. Rh4 Kh7 64. Kf3 Rgd7 65. Rh1 Rd3+ 66. Kg2 Rg7 67. Rh4 Rd5 68. Kf3 Rgd7 0-1

[Event "Mar del Plata op 34th"]
[Site "Mar del Plata"]
[Date "2003.04.15"]
[Round "5"]
[White "Geloso, Claudio"]
[Black "Panno, Oscar"]
[Result "1/2-1/2"]
[WhiteElo "2238"]
[BlackElo "2487"]
[PlyCount "93"]
[EventDate "2003.04.12"]
[EventType "swiss"]
[EventRounds "9"]
[EventCountry "ARG"]
[SourceTitle "CBM 093 Extra"]
[Source "ChessBase"]
[SourceDate "2003.05.09"]
[SourceVersion "1"]
[SourceVersionDate "2003.05.09"]
[SourceQuality "1"]

1. e4 c5 2. Nc3 Nc6 3. g3 g6 4. Bg2 Bg7 5. Nge2 e6 6. 0-0 Nge7 7. d3 d6 8. Be3 Nd4 9. Qd2 0-0 10. Nd1 b6 11. c3 Nxe2+ 12. Qxe2 Ba6 13. f4 Rc8 14. Nf2 f5 15. Rfe1 Rc7 16. exf5 gxf5 17. Qc2 Qd7 18. Rad1 e5 19. Qd2 Kh8 20. Nh3 Ng6 21. Bd5 Bb7 22. Qg2 Bxd5 23. Qxd5 Ne7 24. Qf3 Qe8 25. Rd2 Qg6 26. Kh1 Rd7 27. Nf2 Qe6 28. a3 exf4 29. gxf4 Qd5 30. Qxd5 Nxd5 31. Rde2 Re7 32. Bd2 Rfe8 33. Rxe7 Rxe7 34. Rxe7 Nxe7 35. Kg2 Kg8 36. Kf3 Kf7 37. Nd1 Ke6 38. Be1 Bf6 39. Bf2 d5 40. Ke2 Nc6 41. Kd2 Be7 42. Ke2 b5 43. Be1 a6 44. h3 Bd6 45. Kf3 c4 46. dxc4 dxc4 47. Ne3 1/2-1/2

[Event "Buenos Aires-A"]
[Site "Buenos Aires"]
[Date "1999.??.??"]
[Round "?"]
[White "Ramirez, Emilio"]
[Black "Geloso, Claudio"]
[Result "1-0"]
[WhiteElo "2300"]
[BlackElo "2275"]
[PlyCount "90"]
[EventDate "1999.??.??"]
[EventType "tourn"]
[EventRounds "7"]
[EventCountry "ARG"]
[SourceTitle "EXT 2001"]
[Source "ChessBase"]
[SourceDate "2000.11.22"]
[SourceVersion "1"]
[SourceVersionDate "2000.11.22"]
[SourceQuality "1"]

1. e4 d6 2. d4 g6 3. Nc3 Bg7 4. Be3 Nf6 5. f3 Nc6 6. Nge2 e5 7. d5 Ne7 8. Qd2 Nd7 9. g4 Nb6 10. Ng3 0-0 11. 0-0-0 f5 12. gxf5 gxf5 13. Nh5 f4 14. Bf2 Bd7 15. Rg1 Ng6 16. Nxg7 Kxg7 17. h4 Kh8 18. h5 Ne7 19. Bh4 Qe8 20. Qg2 Qf7 21. Qg5 Rae8 22. Rd2 Ng8 23. h6 Qg6 24. Qxg6 hxg6 25. Rxg6 Rf7 26. Rdg2 Ref8 27. Rg1 Kh7 28. Rg7+ Rxg7 29. hxg7 Rf7 30. Bd8 c6 31. dxc6 bxc6 32. Bc7 Rf6 33. Bb8 Nc8 34. Ba6 Nce7 35. Bxa7 Ng6 36. a4 Kxg7 37. Bb8 N8e7 38. a5 Bc8 39. Bxc8 Nxc8 40. Na4 Kf7 41. Rh1 Nge7 42. Nb6 Rg6 43. b4 Rg3 44. Rf1 Ke6 45. Kb2 Rg8 1-0

[Event "Chivilcoy op"]
[Site "Chivilcoy"]
[Date "1998.11.21"]
[Round "3"]
[White "Chaves, Jorge Antonio Torre"]
[Black "Geloso, Claudio"]
[Result "0-1"]
[WhiteElo "2110"]
[BlackElo "2275"]
[PlyCount "66"]
[EventDate "1998.??.??"]
[EventType "swiss (rapid)"]
[EventRounds "7"]
[EventCountry "ARG"]
[SourceTitle "EXT 2000"]
[Source "ChessBase"]
[SourceDate "1999.11.16"]
[SourceVersion "1"]
[SourceVersionDate "1999.11.16"]
[SourceQuality "1"]

1. e4 d6 2. d4 g6 3. Be2 Bg7 4. h4 Nf6 5. Nc3 h5 6. Nh3 Nc6 7. Ng5 e5 8. Bc4 Rf8 9. d5 Ne7 10. f3 a6 11. a4 Bd7 12. Be3 Rh8 13. Qd2 Nh7 14. 0-0-0 b5 15. Bb3 Nxg5 16. hxg5 bxa4 17. Nxa4 Nc8 18. Qb4 Ne7 19. Kb1 Qb8 20. Qxb8+ Rxb8 21. Ka2 Nc8 22. Rc1 Nb6 23. Nxb6 cxb6 24. c4 Ke7 25. Rc3 Rhc8 26. Rhc1 Bf8 27. Bd1 a5 28. Rb3 Ba4 29. Rxb6 Rxb6 30. Bxb6 Bxd1 31. Rxd1 Rxc4 32. Bxa5 Ra4+ 33. Kb3 Rxa5 0-1

[Event "Chivilcoy CLP op"]
[Site "Chivilcoy"]
[Date "1997.??.??"]
[Round "3"]
[White "Geloso, Claudio"]
[Black "Flores, Diego"]
[Result "0-1"]
[WhiteElo "2285"]
[BlackElo "2180"]
[PlyCount "83"]
[EventDate "1997.??.??"]
[EventType "swiss"]
[EventRounds "9"]
[EventCountry "ARG"]
[SourceTitle "EXT 2001"]
[Source "ChessBase"]
[SourceDate "2000.11.22"]
[SourceVersion "1"]
[SourceVersionDate "2000.11.22"]
[SourceQuality "1"]

1. e4 e5 2. Nf3 Nc6 3. Bc4 Bc5 4. 0-0 Nf6 5. d3 d6 6. h3 0-0 7. Nc3 a6 8. Be3 Nd4 9. Bxd4 exd4 10. Nd5 c6 11. Nxf6+ Qxf6 12. Nh2 Qg6 13. Kh1 Kh8 14. g4 d5 15. exd5 f5 16. f4 fxg4 17. hxg4 Bd6 18. Qd2 Bxg4 19. Qg2 Bf5 20. Qxg6 Bxg6 21. dxc6 bxc6 22. Rf2 Rxf4 23. Rxf4 Bxf4 24. Re1 Re8 25. Rxe8+ Bxe8 26. Bxa6 c5 27. Bb7 g5 28. b3 Kg7 29. a4 h5 30. a5 Kf6 31. a6 Bb8 32. Nf3 Kf5 33. Nd2 Kf4 34. Ne4 Ba7 35. Nd6 Bd7 36. Ne4 h4 37. Nf6 Be6 38. Nh5+ Ke3 39. Ng7 Bd7 40. Be4 Kf2 41. Nf5 h3 42. Nd6 0-1

[Event "Chivilcoy CLP op"]
[Site "Chivilcoy"]
[Date "1997.??.??"]
[Round "?"]
[White "Geloso, Claudio"]
[Black "Recoulat, Eduardo Juan"]
[Result "1/2-1/2"]
[WhiteElo "2285"]
[BlackElo "2190"]
[PlyCount "85"]
[EventDate "1997.??.??"]
[EventType "swiss"]
[EventRounds "9"]
[EventCountry "ARG"]
[SourceTitle "EXT 2001"]
[Source "ChessBase"]
[SourceDate "2000.11.22"]
[SourceVersion "1"]
[SourceVersionDate "2000.11.22"]
[SourceQuality "1"]

1. e4 c5 2. Nc3 e6 3. g3 d5 4. Bg2 Nf6 5. Nge2 dxe4 6. Nxe4 Nxe4 7. Bxe4 Nd7 8. 0-0 Nf6 9. Bg2 Be7 10. d4 0-0 11. dxc5 Bxc5 12. Qxd8 Rxd8 13. Bg5 Bd7 14. Bxf6 gxf6 15. Rfd1 Bc6 16. Bxc6 bxc6 17. Nc3 f5 18. Rxd8+ Rxd8 19. Rd1 Rxd1+ 20. Nxd1 Kg7 21. Kf1 Kf6 22. Ke2 e5 23. Ne3 Bd6 24. a4 h5 25. c3 f4 26. gxf4 exf4 27. Nc4 Bc7 28. Kf3 Kg5 29. Nd2 Kh4 30. Kg2 Kg4 31. h3+ Kf5 32. Kf3 Ke5 33. Nc4+ Kd5 34. b3 f6 35. Nb2 Be5 36. Nd3 Bxc3 37. Nxf4+ Kc5 38. Nxh5 Kb4 39. Ng3 Kxb3 40. h4 f5 41. Nxf5 Kxa4 42. Ke4 Kb5 43. Nd4+ 1/2-1/2

[Event "Chivilcoy-ch"]
[Site "Buenos Aires"]
[Date "1996.??.??"]
[Round "?"]
[White "Schuster, Carlos"]
[Black "Geloso, Claudio"]
[Result "1-0"]
[WhiteElo "2290"]
[BlackElo "2295"]
[PlyCount "137"]
[EventDate "1996.??.??"]
[EventType "swiss"]
[EventRounds "7"]
[EventCountry "ARG"]
[SourceTitle "EXT 2001"]
[Source "ChessBase"]
[SourceDate "2000.11.22"]
[SourceVersion "1"]
[SourceVersionDate "2000.11.22"]
[SourceQuality "1"]

1. d4 Nf6 2. c4 g6 3. Nc3 d5 4. Nf3 Bg7 5. Qb3 dxc4 6. Qxc4 0-0 7. e4 a6 8. Be2 b5 9. Qd3 Bb7 10. a3 Nbd7 11. Be3 Rc8 12. Rd1 e6 13. 0-0 Qe7 14. b4 Nb6 15. Nd2 Nfd7 16. Qb1 f5 17. f3 Nf6 18. Nb3 Nbd7 19. Rfe1 Qf7 20. Rd2 Kh8 21. a4 c6 22. e5 Ne8 23. Ra2 Nc7 24. f4 Rfd8 25. Bf3 Nb6 26. axb5 Nxb5 27. Rc1 Bf8 28. Na4 Nxa4 29. Rxa4 Rd7 30. Rc4 Rdc7 31. Qc1 Qd7 32. Ra2 Be7 33. Re2 Ba8 34. Qa1 Rb8 35. Ra2 Bb7 36. Na5 Ba8 37. Rac2 Rbc8 38. Qc1 Na7 39. h3 h6 40. Kh2 Kh7 41. g3 Bd8 42. Qh1 Be7 43. Bc1 Bf8 44. Bb2 Be7 45. Qc1 Bd8 46. Rd2 Be7 47. Rdc2 Bd8 48. Rg2 Be7 49. g4 Rb8 50. gxf5 exf5 51. d5 Bxb4 52. Nxc6 Bxc6 53. dxc6 Qd3 54. Rg3 Qd2+ 55. Qxd2 Bxd2 56. Ba3 Rcc8 57. Rd4 Be3 58. Rd7+ Kh8 59. Be7 Rb2+ 60. Kh1 Rb1+ 61. Kg2 Rb2+ 62. Kf1 Rf2+ 63. Ke1 Rxf3 64. Rxf3 Bb6 65. Bf6+ Kg8 66. Rg3 Rxc6 67. Rxg6+ Kf8 68. Rxa7 Bxa7 69. Bg7+ 1-0